000 00964nam a2200277 a 4500
001 5404
003 BD-RjUL
005 20211208234048.0
008 140313r19521937enkb b 001 0 eng d
035 _a(BD-RjUL)BD-RjUL
040 _aTTU
_cTTU
_dBD-RjUL
_beng
041 _aeng
082 _a942.06
_bDAE 1952
090 _aDA390
_b.D3 1945
100 1 _aDavies, Godfrey,
_d1892-1957.
_975100
245 1 4 _aThe early Stuarts, 1603-1660 /
_cby Godfrey Davies.
250 _aFirst published, 1937 ; reprinted with corrections, 1945.
260 _aOxford :
_bClarendon Press,
_c1945 [Printed 1952]
300 _axxi, 452 p. :
_bill. ;
_c23 cm.
504 _aIncludes bibliography (p. [414]-436) and index.
651 0 _aGreat Britain
_xHistory
_yEarly Stuarts, 1603-1649.
_964283
651 0 _aGreat Britain
_xHistory
_yCommonwealth and Protectorate, 1649-1660.
_975101
830 0 _vv.9.
_9213044
830 0 _aOxford history of England ;
_9213045
942 _2ddc
_cBK
999 _c5404
_d5404